000 00395nam a2200193Ia 4500
001 13024
003 GE_BSU
008 181216s||||||||xx |||||||||||||| ||und||
040 _cGE_BSU
080 _a821.111-32
100 _aKeyes,Marian.
245 _aAngels.
260 _aLondon.
260 _bPencuin Books.
260 _c2002
300 _a405p;18cm.
653 _aAngels.
942 _cBK
999 _c46191
_d46191